000 02252nam a2200277Ia 4500
005 20160421083239.0
008 130821s1883 fr a fr 1 spa d
040 _aCo-BoUCM
_bspa
_cSandra Yazo (modificó)
_dSandra Yazo (modificó)
041 1 _aspa
_hfre
082 0 4 _a238.282
_220
092 _aE39N037
100 1 _aSchouppe, F.-X.
_d1823-1904
_q(François-Xavier)
_972752
245 1 0 _aCurso abreviado de religión ó verdad y belleza de la religión cristiana
_bManual acomodado á las escuelas. Apologética, dogmática y moral
_cpor el Padre F. X. Schouppe ; traducido al castellano de la última edición francesa por D. Manuel Pérez Villamil.
250 _aTercera edición
_brevisada y corregida
260 _aParís (Francia)
_bLibrería de Ch. Bouret
_c1883
300 _a560 páginas
_c20 x 13 cm.
500 _aDetalles físicos: Encuadernación rígida, cartón forrado en tela texturizada. Tapa con recuadros y adornos repujados. Lomo con adornos en dorado y repujados. Tapas y lomo con bordes deteriorados. Guardas. Anteportada, al verso un retrato. Portada impresa en una sola tinta. Texto impreso en una sola columna con vario tipos y tamaños de letra. Párrafos numerados. Apostillas marginales. Notas al pie de página. Márgenes amplios
505 0 _aIntroducción ; Parte 1 - 3: Apologética: Verdad de la religión cristiana demostrada contra los incrédulos, los herejes de las diversas sectas -- Dogmática: Nociones preliminares ; Dios y sus atributos ; La Santísima Trinidad ; Creación del mundo - Los Ángeles - El Hombre - El pecado original ; La encarnación ; La gracia ; Los sacramentos ; Las virtudes ; Últimos fines ó postrimerías ; Recapitulación -- Moral: Las leyes ; El decálogo ; Mandamientos de la Iglesia ; El pecado ; Virtudes y buenas obras ; Perfección cristiana, estado de vida, vocación ; Los sacramentos ; La oración ; Fiestas, ceremonias, prácticas religiosas de la Iglesia
506 _aConsulta en sala
650 7 _aCatecismos
_xIglesia Católica
_910589
650 7 _aEducación religiosa
_913865
650 7 _aReligión y moral
_923513
690 _aTeología
_925230
700 1 _aPérez Villamil, Manuel
_etraductor
_972753
942 _cLIBRO
_a4
_e7
_2LOCAL
_hE39N037
999 _c303255
_d303255